| 000 | 01292nam a2200265 4500 | ||
|---|---|---|---|
| 001 | 0000022998 | ||
| 003 | CO-CtgCURN | ||
| 005 | 20250329191024.0 | ||
| 007 | ta | ||
| 008 | 160627s1999 000 0 eng d | ||
| 040 |
_aCO-CtgCURN _bspa _ccoctgcurn |
||
| 082 | 0 |
_a363.7297 _bA472m |
|
| 100 | 1 | _aAlvarado Barrero, Sandra. | |
| 245 | 1 | 0 |
_aManual para la gestion de los residuos generados en las instituciones prestadoras de servicios de salud / _cSandra Alvarado Barrero. |
| 260 |
_aBogotá : _bGobernacion de Cundinamarca, _c1999. |
||
| 300 | _axv, 85 p. | ||
| 336 | _2rdacontent | ||
| 337 |
_2rdamedia _asin mediacion _bn |
||
| 338 |
_2rdacarrier _avolumen _bnc |
||
| 505 | 8 | _aGeneralidades.--Gestion de los residuos solidos-aspectos tecnico operacionales.--Gestion de residuos liquidos aspecto-tecnico operacionales.--Gestion de las emisiones atmosfericas-aspectos generales.--Recomendaciones para reducir la generacion de residuos infecciosos, infecto-contagiosos y especiales.--Posicionamiento del sistema de gestion de los residuos.--Consolidacion del sistema de gestion de los residuos | |
| 650 | 1 | 4 |
_aResiduos _vAspectos ambientales. |
| 908 | _a160627 | ||
| 942 |
_cBK _h363.7297 _iA472m _2ddc |
||
| 999 |
_c11406 _d11406 |
||